| 000 | 00000nam 2200000zi 4500 |
| 001 | 9.940659 |
| 003 | CaOODSP |
| 005 | 20250324101601 |
| 006 | m o d f |
| 007 | cr mn||||||||| |
| 008 | 240717s1981 onc o f000 0 fre d |
| 040 | |aCaOODSP|bfre|erda|cCaOODSP |
| 043 | |an-cn-nf|an-cn--- |
| 086 | 1 |aRE24-33/1981F-PDF |
| 245 | 00|aCanada-Terre-Neuve entente auxiliaire sur le développement communautaire de la région côtière du Labrador. |
| 264 | 1|a[Ottawa] : |bGouvernement du Canada, Expansion économique régionale = Government of Canada, Regional Economic Expansion, |c[1981] |
| 300 | |a1 ressource en ligne (15 pages) |
| 336 | |atexte|btxt|2rdacontent/fre |
| 337 | |ainformatique|bc|2rdamedia/fre |
| 338 | |aressource en ligne|bcr|2rdacarrier/fre |
| 500 | |aPublié aussi en anglais sous le titre : Canada/Newfoundland community development subsidiary agreement for coastal Labrador. |
| 500 | |aÉdition numérisée de l'imprimé [par Innovation, sciences et développement économique Canada]. |
| 650 | 6|aAide au développement économique régional|zTerre-Neuve-et-Labrador. |
| 650 | 6|aDéveloppement communautaire|zTerre-Neuve-et-Labrador. |
| 650 | 6|aRelations fédérales-provinciales (Canada)|zTerre-Neuve-et-Labrador. |
| 710 | 1 |aCanada. |bExpansion économique régionale, |eorganisme de publication. |
| 775 | 08|tCanada/Newfoundland community development subsidiary agreement for coastal Labrador.|w(CaOODSP)9.898146 |
| 856 | 40|qPDF|s500 Ko|uhttps://publications.gc.ca/collections/collection_2024/isde-ised/re24/RE24-33-1981-fra.pdf |